[Event "Steinfurt Bezirksliga 1213"]
[Site "Germany"]
[Date "2013.03.02"]
[Round "7.8"]
[White "Roos, Bastian"]
[Black "Beeger, Kai"]
[Result "1/2-1/2"]
[WhiteElo "1339"]
[BlackElo "1243"]
[PlyCount "59"]
[EventDate "2012.09.22"]
[EventType "team-tourn"]
[EventRounds "9"]
[EventCountry "GER"]
[SourceTitle "EXT 2015"]
[Source "ChessBase"]
[SourceDate "2014.11.20"]
[SourceVersion "1"]
[SourceVersionDate "2014.11.20"]
[SourceQuality "1"]
[WhiteTeam "Saerbeck II"]
[BlackTeam "Westerkappeln"]
[WhiteTeamCountry "GER"]
[BlackTeamCountry "GER"]

1. d4 Nf6 2. c4 g6 3. Nc3 Bg7 4. Bf4 0-0 5. g3 d6 6. Bg2 c5 7. d5 e5 8. dxe6 Bxe6 9. Bxb7 Nbd7 10. Bxa8 Qxa8 11. Nf3 Nb6 12. Nb5 Rd8 13. Nc7 Qe4 14. Nxe6 fxe6 15. Rc1 Nxc4 16. b3 Nb2 17. Qc2 Qb4+ 18. Bd2 Qa3 19. Bc3 Nd5 20. Bxg7 Kxg7 21. 0-0 Nb4 22. Qc3+ e5 23. Rb1 Na4 24. Qc1 Qxc1 25. Rbxc1 Nxa2 26. Rcd1 N4c3 27. Rd2 Nb4 28. Rc1 Ncd5 29. e4 Nf6 30. Rxc5 1/2-1/2

[Event "Steinfurt Bezirksklasse 1112"]
[Site "Germany"]
[Date "2012.04.28"]
[Round "8.4"]
[White "Stroot, Helmut"]
[Black "Roos, Bastian"]
[Result "1-0"]
[WhiteElo "1375"]
[BlackElo "1346"]
[PlyCount "91"]
[EventDate "2011.09.24"]
[EventType "team-tourn"]
[EventRounds "9"]
[EventCountry "GER"]
[SourceTitle "EXT 2013"]
[Source "ChessBase"]
[SourceDate "2012.11.22"]
[SourceVersion "1"]
[SourceVersionDate "2012.11.22"]
[SourceQuality "1"]
[WhiteTeam "Rheine CC"]
[BlackTeam "Saerbeck III"]
[WhiteTeamCountry "GER"]
[BlackTeamCountry "GER"]

1. d4 Nf6 2. Bf4 d5 3. e3 Bf5 4. Nf3 Nc6 5. Nc3 a6 6. a3 e6 7. Bd3 Bg6 8. Bxg6 hxg6 9. Qd3 Bd6 10. 0-0-0 Qe7 11. Bg5 Bxa3 12. Nxd5 Bxb2+ 13. Kxb2 exd5 14. Qb3 Qd6 15. Bf4 Qd7 16. Ne5 Qe6 17. Nd3 Qc8 18. f3 b5 19. g4 a5 20. g5 Nh5 21. Qxd5 Qd7 22. Qe4+ Qe6 23. Qxe6+ fxe6 24. Bxc7 Kf7 25. Ne5+ Nxe5 26. dxe5 Ke7 27. Rd6 Rhc8 28. Bb6 Rc4 29. Rhd1 Rac8 30. R1d2 Ke8 31. Rd8+ Rxd8 32. Rxd8+ Ke7 33. Bxa5 Ra4 34. Ra8 Kd7 35. f4 Kc6 36. Ra6+ Kd5 37. Rd6+ Ke4 38. Bb6 Kf5 39. Bd4 Rc4 40. Kb3 Nxf4 41. exf4 Kxf4 42. c3 Kxg5 43. Rxe6 Rc8 44. Rb6 Rh8 45. e6 Rxh2 46. Rxb5+ 1-0

[Event "Steinfurt Bezirksklasse 1112"]
[Site "Germany"]
[Date "2012.01.28"]
[Round "5.4"]
[White "Schroerluecke, Dieter"]
[Black "Roos, Bastian"]
[Result "1/2-1/2"]
[WhiteElo "1180"]
[BlackElo "1346"]
[PlyCount "50"]
[EventDate "2011.09.24"]
[EventType "team-tourn"]
[EventRounds "9"]
[EventCountry "GER"]
[SourceTitle "EXT 2013"]
[Source "ChessBase"]
[SourceDate "2012.11.22"]
[SourceVersion "1"]
[SourceVersionDate "2012.11.22"]
[SourceQuality "1"]
[WhiteTeam "Ibbenbueren III"]
[BlackTeam "Saerbeck III"]
[WhiteTeamCountry "GER"]
[BlackTeamCountry "GER"]

1. b3 d5 2. Bb2 c5 3. e3 Nc6 4. Nf3 Bf5 5. Be2 e6 6. h3 Nf6 7. d3 Bd6 8. 0-0 e5 9. Nbd2 Qd7 10. e4 dxe4 11. dxe4 Nxe4 12. Nxe4 Bxe4 13. Bb5 a6 14. Nxe5 Qc7 15. Bxc6+ Bxc6 16. Nxc6 Qxc6 17. Re1+ Kf8 18. Qg4 Rg8 19. Re2 Re8 20. Rae1 Rxe2 21. Rxe2 Qc7 22. Qe4 Qd7 23. Re3 f5 24. Qd3 g5 25. Be5 Rg6 1/2-1/2

[Event "Steinfurt Bezirksklasse 1112"]
[Site "Germany"]
[Date "2011.11.19"]
[Round "3.3"]
[White "Roos, Bastian"]
[Black "Ottens, Josef"]
[Result "0-1"]
[WhiteElo "1346"]
[BlackElo "1452"]
[PlyCount "40"]
[EventDate "2011.09.24"]
[EventType "team-tourn"]
[EventRounds "9"]
[EventCountry "GER"]
[SourceTitle "EXT 2013"]
[Source "ChessBase"]
[SourceDate "2012.11.22"]
[SourceVersion "1"]
[SourceVersionDate "2012.11.22"]
[SourceQuality "1"]
[WhiteTeam "Saerbeck III"]
[BlackTeam "Steinfurt IV"]
[WhiteTeamCountry "GER"]
[BlackTeamCountry "GER"]

1. d4 e5 2. d5 Nf6 3. Bg5 h6 4. Bxf6 Qxf6 5. e4 Bc5 6. Qf3 Qxf3 7. Nxf3 d6 8. Bb5+ Bd7 9. Bxd7+ Nxd7 10. a3 a6 11. Nbd2 Nf6 12. b4 Ba7 13. 0-0 0-0 14. Rfc1 Nh5 15. c4 f5 16. exf5 Rxf5 17. g4 Rxf3 18. Nxf3 Nf4 19. Rc2 Rf8 20. Re1 Nd3 0-1

[Event "Steinfurt Bezirksliga 0910"]
[Site "Germany"]
[Date "2010.04.24"]
[Round "8.8"]
[White "Roos, Bastian"]
[Black "Hoesker, Lothar"]
[Result "0-1"]
[WhiteElo "1375"]
[BlackElo "1433"]
[PlyCount "29"]
[EventDate "2009.09.12"]
[EventType "team-tourn"]
[EventRounds "9"]
[EventCountry "GER"]
[SourceTitle "EXT 2011"]
[Source "ChessBase"]
[SourceDate "2010.11.26"]
[SourceVersion "1"]
[SourceVersionDate "2010.11.26"]
[SourceQuality "1"]
[WhiteTeam "Saerbeck II"]
[BlackTeam "Reckenfeld II"]
[WhiteTeamCountry "GER"]
[BlackTeamCountry "GER"]

1. d4 d5 2. c4 e6 3. Nc3 Bb4 4. Bf4 Bd7 5. e3 Qe7 6. a3 Bxc3+ 7. bxc3 Bc6 8. Nf3 Nd7 9. Bd3 dxc4 10. Bxc4 Bd5 11. Bd3 Ngf6 12. c4 Be4 13. Rb1 b6 14. d5 Bxd3 15. Qxd3 0-1

[Event "Steinfurt Bezirksklasse 0708"]
[Site "Germany"]
[Date "2007.10.13"]
[Round "1.5"]
[White "Roos, Bastian"]
[Black "Goeckeler, Andreas"]
[Result "0-1"]
[WhiteElo "1313"]
[BlackElo "1496"]
[PlyCount "96"]
[EventDate "2007.10.13"]
[EventType "team-tourn"]
[EventRounds "7"]
[EventCountry "GER"]
[SourceTitle "EXT 2009"]
[Source "ChessBase"]
[SourceDate "2008.11.26"]
[SourceVersion "1"]
[SourceVersionDate "2008.11.26"]
[SourceQuality "1"]
[WhiteTeam "Saerbeck III"]
[BlackTeam "Neuenkirchen II"]
[WhiteTeamCountry "GER"]
[BlackTeamCountry "GER"]

1. d4 d6 2. c4 g6 3. Nc3 Bg7 4. Nf3 Nf6 5. Bf4 0-0 6. e4 c6 7. Be2 Qb6 8. Na4 Qa5+ 9. Bd2 Qa6 10. c5 b5 11. cxb6 Qb7 12. bxa7 Rxa7 13. Qc2 Bd7 14. Bd3 c5 15. Nc3 cxd4 16. Nxd4 Rc8 17. h3 Rc5 18. Be3 Rc8 19. Nf3 Ra5 20. Nd2 Na6 21. Nb3 Nb4 22. Qd2 Nxd3+ 23. Qxd3 Ra6 24. 0-0 Rca8 25. Rfc1 Be6 26. Nd4 Bxa2 27. Ncb5 Be6 28. Rxa6 Rxa6 29. f3 Ne8 30. b4 Bd7 31. Qc4 e5 32. Nc7 exd4 33. Qxa6 Qxa6 34. Nxa6 dxe3 35. Rb1 Bb5 36. Nb8 e2 37. Re1 Bd4+ 38. Kh2 Bc3 39. Rxe2 Bxe2 40. Nc6 Kf8 41. Kg3 Bb5 42. Na7 Nc7 43. Nc8 Bxb4 44. Kf2 Bc5+ 45. Ke1 Ke8 46. Kd2 Kd7 47. Nxd6 Kxd6 48. Kc3 Bf1 0-1

[Event "Steinfurt Kreisklasse 0607"]
[Site "Germany"]
[Date "2006.12.09"]
[Round "4.2"]
[White "Roos, Bastian"]
[Black "Westers, Stefan"]
[Result "1-0"]
[WhiteElo "1287"]
[BlackElo "1226"]
[PlyCount "29"]
[EventDate "2006.09.23"]
[EventType "team-tourn"]
[EventRounds "10"]
[EventCountry "GER"]
[SourceTitle "EXT 2008"]
[Source "ChessBase"]
[SourceDate "2007.11.25"]
[SourceVersion "1"]
[SourceVersionDate "2007.11.25"]
[SourceQuality "1"]
[WhiteTeam "Saerbeck IV"]
[BlackTeam "Emsdetten Turm IV"]
[WhiteTeamCountry "GER"]
[BlackTeamCountry "GER"]

1. d4 d5 2. c4 Nf6 3. Nc3 e6 4. Nf3 Bb4 5. a3 Bxc3+ 6. bxc3 dxc4 7. Qa4+ Bd7 8. Qxc4 Nc6 9. Bg5 0-0 10. Ne5 Na5 11. Qd3 Bc6 12. Ng4 Re8 13. Nxf6+ gxf6 14. Bh6 Qd5 15. Qg3+ 1-0

[Event "Steinfurt Bezirksklasse 0405"]
[Site "Germany"]
[Date "2004.11.27"]
[Round "4.4"]
[White "Roos, Bastian"]
[Black "Peters, Tobias"]
[Result "1/2-1/2"]
[WhiteElo "1232"]
[BlackElo "1291"]
[PlyCount "43"]
[EventDate "2004.09.18"]
[EventType "team-tourn"]
[EventRounds "11"]
[EventCountry "GER"]
[SourceTitle "EXT 2006"]
[Source "ChessBase"]
[SourceDate "2005.11.24"]
[SourceVersion "1"]
[SourceVersionDate "2005.11.24"]
[SourceQuality "1"]
[WhiteTeam "Saerbeck IV"]
[BlackTeam "Rheine SG II"]
[WhiteTeamCountry "GER"]
[BlackTeamCountry "GER"]

1. d4 f5 2. c4 e6 3. Nf3 Nf6 4. g3 d5 5. cxd5 exd5 6. Nc3 Bd6 7. e3 0-0 8. Bg2 Qe8 9. 0-0 c6 10. Re1 Be6 11. Ne2 Qh5 12. Nf4 Bxf4 13. exf4 Ne4 14. Ng5 Qxd1 15. Rxd1 Re8 16. Re1 Nd7 17. f3 Nxg5 18. fxg5 Re7 19. Bd2 b6 20. Rac1 c5 21. f4 Rae8 22. Re2 1/2-1/2

[Event "Steinfurt Kreisklasse 0203"]
[Site "Germany"]
[Date "2002.10.26"]
[Round "2.6"]
[White "Roos, Bastian"]
[Black "Peters, Tobias"]
[Result "0-1"]
[WhiteElo "1246"]
[BlackElo "1183"]
[PlyCount "88"]
[EventDate "2002.09.21"]
[EventType "team-tourn"]
[EventRounds "10"]
[EventCountry "GER"]
[SourceTitle "EXT 2005"]
[Source "ChessBase"]
[SourceDate "2004.11.15"]
[SourceVersion "1"]
[SourceVersionDate "2004.11.15"]
[SourceQuality "1"]
[WhiteTeam "Saerbeck Falke III"]
[BlackTeam "Rheine SG II"]
[WhiteTeamCountry "GER"]
[BlackTeamCountry "GER"]

1. d4 d5 2. c4 c6 3. cxd5 cxd5 4. Nc3 Nf6 5. Bf4 Nc6 6. Nf3 a6 7. a3 Bg4 8. e3 e6 9. Be2 Bd6 10. Ne5 Bxe5 11. dxe5 Bxe2 12. Qxe2 Nd7 13. Rd1 Ndxe5 14. Bxe5 Nxe5 15. 0-0 Qb6 16. Rd4 Nc4 17. Rb1 0-0 18. Rg4 Rfd8 19. Na4 Qb3 20. Nc5 Qa2 21. Rc1 Qxb2 22. Qxb2 Nxb2 23. Nxb7 Rdc8 24. Rb1 Rc2 25. Rb4 Nd3 26. R4b3 Nxf2 27. Nc5 h6 28. Rf1 Rxc5 29. Kxf2 Rac8 30. Rfb1 Rc4 31. Rb6 a5 32. Ra6 a4 33. Rb4 Rxb4 34. axb4 Rc2+ 35. Kg3 Ra2 36. b5 a3 37. b6 Rb2 38. Ra8+ Kh7 39. Rb8 a2 40. Ra8 Rxb6 41. Rxa2 Rb4 42. Ra7 f6 43. Re7 e5 44. Rd7 d4 0-1